Financial accounting (Record no. 210653)
[ view plain ]
| 000 -LEADER | |
|---|---|
| fixed length control field | 00658nam a22002057a 4500 |
| 005 - DATE AND TIME OF LATEST TRANSACTION | |
| control field | 20250402125249.0 |
| 010 ## - LCCN (DPL NO) | |
| LC control number | ENG-144415 |
| 020 ## - INTERNATIONAL STANDARD BOOK NUMBER | |
| International Standard Book Number | 9789335401067 |
| Terms of availability | 1495.00p. |
| 035 ## - SYSTEM CONTROL NUMBER | |
| System control number | EN-127947 |
| 037 ## - SOURCE OF ACQUISITION | |
| Source of stock number/acquisition | DBAD |
| 082 ## - DEWEY DECIMAL CLASSIFICATION NUMBER | |
| Classification number | 657.48 |
| Edition number | 1st |
| 100 ## - MAIN ENTRY--PERSONAL NAME | |
| Personal name | Desai, Pushpa |
| 245 ## - TITLE STATEMENT | |
| Title | Financial accounting |
| Statement of responsibility, etc | Pushpa Desai |
| Medium | English |
| 250 ## - EDITION STATEMENT | |
| Edition statement | 1st |
| 260 ## - PUBLICATION, DISTRIBUTION, ETC. (IMPRINT) | |
| Place of publication, distribution, etc | New Delhi |
| Date of publication, distribution, etc | 2024 |
| Name of publisher, distributor, etc | Rajat publications |
| 270 ## - ADDRESS | |
| Address | 4740/23 ,Ansari Road, Daryaganj , New Delhi India |
| City | New Delhi |
| Postal code | 110002 |
| Electronic mail address | rajat_publications@yahoo.com |
| Telephone number | 9811484973, 9811105389 |
| 300 ## - PHYSICAL DESCRIPTION | |
| Extent | xii, 264p |
| Dimensions | 24(hb) |
| 760 ## - MAIN SERIES ENTRY | |
| Edition | 1 |
| 942 ## - ADDED ENTRY ELEMENTS (KOHA) | |
| Source of classification or shelving scheme | Dewey Decimal Classification |
| Item type | English Books |
| Classification part | 657.48 |
| Call number suffix | DES |
| Edition | 1st |
| Withdrawn status | Lost status | Not for loan | Collection code | Home library | Current library | Date acquired | Source of acquisition | Cost, normal purchase price | Full call number | Barcode | Copy number | Cost, replacement price | Koha item type |
|---|---|---|---|---|---|---|---|---|---|---|---|---|---|
| Not For Loan | Non-fiction | D.B.Act.Division | Central Library | 02/04/2025 | DBAD | 1495.00 | 657.48 DES | EN- 127947 | 1 | 1495.00 | English Books |
